[Event "DEN-chT 2324 61st"]
[Site "Denmark"]
[Date "2024.01.28"]
[Round "6.1"]
[White "Ochsner, Bjorn Moller"]
[Black "Mikkelsen, Nikolaj"]
[Result "1/2-1/2"]
[WhiteElo "2537"]
[BlackElo "2485"]
[PlyCount "59"]
[EventDate "2023.10.28"]
[EventType "team-tourn"]
[EventRounds "9"]
[EventCountry "DEN"]
[SourceTitle "CB11_2024"]
[SourceDate "2024.03.13"]
[SourceVersion "1"]
[SourceVersionDate "2024.03.13"]
[SourceQuality "1"]
[WhiteTeam "Aarhus/Skolerne"]
[BlackTeam "BMS"]
[WhiteTeamCountry "DEN"]
[BlackTeamCountry "DEN"]

1. e4 e5 2. Nf3 Nc6 3. Bb5 a6 4. Ba4 Nf6 5. 0-0 d6 6. c4 Bg4 7. d3 g6 8. h3 Bxf3 9. Qxf3 Nd7 10. Be3 Bg7 11. Nc3 Nd4 12. Bxd4 exd4 13. Bxd7+ Qxd7 14. Nd5 Qd8 15. g3 0-0 16. Nf4 c6 17. Rae1 Qa5 18. a3 Rae8 19. Ng2 Bh6 20. g4 Qe5 21. h4 f6 22. Qh3 Bf4 23. Qf3 Bh6 24. Qh3 Bf4 25. Nxf4 Qxf4 26. Qg3 Qxg3+ 27. fxg3 Re5 28. Kg2 h6 29. Re2 Kf7 30. b4 1/2-1/2

[Event "DEN-chT 2223 60th"]
[Site "Denmark"]
[Date "2023.01.14"]
[Round "5.2"]
[White "Ochsner, Bjorn Moller"]
[Black "Nielsen, Viktor Haarmark"]
[Result "1-0"]
[WhiteElo "2504"]
[BlackElo "2384"]
[PlyCount "77"]
[EventDate "2022.10.29"]
[EventType "team-tourn"]
[EventRounds "9"]
[EventCountry "DEN"]
[SourceTitle "CBM 213 Extra"]
[Source "ChessBase"]
[SourceDate "2023.05.31"]
[SourceVersion "1"]
[SourceVersionDate "2023.05.31"]
[SourceQuality "1"]
[WhiteTeam "Aarhus/Skolerne"]
[BlackTeam "Obro"]
[WhiteTeamCountry "DEN"]
[BlackTeamCountry "DEN"]

1. e4 e5 2. Nf3 Nc6 3. Bb5 a6 4. Ba4 Nf6 5. 0-0 Be7 6. Re1 b5 7. Bb3 d6 8. c3 0-0 9. d4 Bg4 10. Be3 exd4 11. cxd4 Na5 12. Bc2 c5 13. h3 cxd4 14. Bxd4 Bh5 15. a3 Rc8 16. Nc3 Nc6 17. g4 Bg6 18. Rc1 Nxd4 19. Nxd4 Qb6 20. g5 Nh5 21. Nd5 Qa7 22. h4 Rfe8 23. Nf5 Bf8 24. Bb3 Rxc1 25. Qxc1 Qd7 26. Re3 Re5 27. Qd1 h6 28. Qf3 hxg5 29. hxg5 Qc6 30. Rc3 Qe8 31. Re3 Qc6 32. Qd1 Qe8 33. Bc2 Qd8 34. Qg4 Bxf5 35. exf5 Rxd5 36. Bb3 Nf6 37. gxf6 Re5 38. Bxf7+ Kxf7 39. Qg6+ 1-0

[Event "Aarhus Skolernes 50"]
[Site "Aarhus"]
[Date "2022.07.17"]
[Round "9"]
[White "Rozentalis, Eduardas"]
[Black "Ochsner, Bjorn Moller"]
[Result "1/2-1/2"]
[WhiteElo "2531"]
[BlackElo "2501"]
[PlyCount "87"]
[EventDate "2022.07.11"]
[EventType "tourn"]
[EventRounds "9"]
[EventCountry "DEN"]
[EventCategory "10"]
[SourceTitle "CBM 209 Extra"]
[Source "ChessBase"]
[SourceDate "2022.09.30"]
[SourceVersion "1"]
[SourceVersionDate "2022.09.30"]
[SourceQuality "1"]

1. e4 c5 2. Nf3 e6 3. c3 Nf6 4. e5 Nd5 5. g3 d6 6. exd6 Bxd6 7. Bg2 Nc6 8. d4 cxd4 9. Nxd4 Nxd4 10. Qxd4 0-0 11. 0-0 Qc7 12. Nd2 Bd7 13. Ne4 Be5 14. Qd3 a6 15. Re1 Bb5 16. Qf3 h6 17. Qh5 Rad8 18. a4 Bc6 19. Qe2 Nb6 20. a5 Nd5 21. Bd2 Bb5 22. Qf3 Bc6 23. Qe2 Bb5 24. Qf3 Rc8 25. Be3 Nxe3 26. Qxe3 Qe7 27. Rad1 Ba4 28. Rd2 Bc6 29. Red1 Rfd8 30. h4 Rxd2 31. Qxd2 Bc7 32. b4 Rd8 33. Qe1 Rxd1 34. Qxd1 f5 35. Nc5 Bxg2 36. Kxg2 Bd6 37. Nb3 Qc7 38. Qf3 Qc4 39. Nd2 Qc7 40. Nb3 Be7 41. h5 Qd7 42. Nd4 Bf6 43. Nb3 Be7 44. Nd4 1/2-1/2

[Event "Aarhus Skolernes 50"]
[Site "Aarhus"]
[Date "2022.07.14"]
[Round "5"]
[White "Hillarp Persson, Tiger"]
[Black "Ochsner, Bjorn Moller"]
[Result "1-0"]
[WhiteElo "2516"]
[BlackElo "2501"]
[PlyCount "185"]
[EventDate "2022.07.11"]
[EventType "tourn"]
[EventRounds "9"]
[EventCountry "DEN"]
[EventCategory "10"]
[SourceTitle "CBM 209 Extra"]
[Source "ChessBase"]
[SourceDate "2022.09.30"]
[SourceVersion "1"]
[SourceVersionDate "2022.09.30"]
[SourceQuality "1"]

1. c4 e5 2. e3 Nf6 3. Nc3 Bb4 4. Nge2 0-0 5. a3 Be7 6. d4 exd4 7. Qxd4 b6 8. Nf4 Bb7 9. Be2 Na6 10. 0-0 Nc5 11. Qd1 a5 12. b3 a4 13. b4 Nb3 14. Rb1 Nxc1 15. Rxc1 Bd6 16. Bf3 Bxf3 17. Qxf3 c6 18. Nd3 Re8 19. Rfd1 Qe7 20. h3 Bc7 21. Kf1 h5 22. Qf5 g6 23. Qg5 Kg7 24. Ne2 Qf8 25. f3 Bd8 26. Qf4 d5 27. Ne5 Qe7 28. Nxc6 Qxe3 29. Qxe3 Rxe3 30. Rc3 Rxc3 31. Nxc3 Rc8 32. Nxd8 Rxd8 33. cxd5 Nd7 34. f4 Rc8 35. Rd3 Rc4 36. g3 h4 37. Kg2 hxg3 38. Kxg3 Kf6 39. Kf3 Kf5 40. Ne2 g5 41. Nd4+ Kg6 42. d6 f5 43. fxg5 Kxg5 44. Ke3 Kf6 45. Nf3 Rc2 46. h4 Rc1 47. Kd2 Rh1 48. Kc3 Rc1+ 49. Kd2 Rh1 50. Re3 b5 51. Kc3 Rc1+ 52. Kd2 Rh1 53. Ke2 Ra1 54. Nd4 Nb6 55. Re6+ Kf7 56. Re7+ Kf6 57. Rb7 Ra2+ 58. Ke1 Ra1+ 59. Ke2 Ra2+ 60. Kd1 Rxa3 61. Nxb5 Ra1+ 62. Kc2 Nd5 63. d7 Ke7 64. Nd4 Nxb4+ 65. Rxb4 Kxd7 66. Nxf5 a3 67. Rf4 Rh1 68. Kb3 Rh3+ 69. Ka2 Ke6 70. Rf3 Rh2+ 71. Kxa3 Kf6 72. Ne3+ Kg6 73. Rg3+ Kh7 74. Nf5 Rf2 75. Rg7+ Kh8 76. Rg5 Rf4 77. Kb3 Kh7 78. Kc3 Ra4 79. Kd3 Rb4 80. Ke3 Rb3+ 81. Kf4 Rb4+ 82. Kg3 Rb3+ 83. Kg4 Rb4+ 84. Kh5 Rb6 85. Rg7+ Kh8 86. Ra7 Rc6 87. Kg5 Rb6 88. Rd7 Ra6 89. Nd6 Kg8 90. Kg6 Kf8 91. h5 Ra1 92. Ne4 Re1 93. Rf7+ 1-0

[Event "Oberliga Nord N 2122"]
[Site "Germany"]
[Date "2022.05.01"]
[Round "9.1"]
[White "Brynell, Stellan"]
[Black "Ochsner, Bjorn Moller"]
[Result "0-1"]
[WhiteElo "2406"]
[BlackElo "2506"]
[PlyCount "142"]
[EventDate "2021.10.31"]
[EventType "team-tourn"]
[EventRounds "9"]
[EventCountry "GER"]
[SourceTitle "EXT 2023"]
[Source "ChessBase"]
[SourceDate "2022.10.05"]
[SourceVersion "1"]
[SourceVersionDate "2022.10.05"]
[SourceQuality "1"]
[WhiteTeam "Schwerin"]
[BlackTeam "Preetz"]
[WhiteTeamCountry "GER"]
[BlackTeamCountry "GER"]

1. d4 Nf6 2. Nf3 d5 3. c4 e6 4. Nc3 dxc4 5. e4 b5 6. e5 Nd5 7. Nxb5 Nb6 8. Be2 Nc6 9. 0-0 Be7 10. Be3 0-0 11. Qc1 Rb8 12. Nc3 Bb7 13. Rd1 Nb4 14. Nd2 Qe8 15. Nxc4 Nxc4 16. Bxc4 Bxg2 17. Kxg2 Qc6+ 18. d5 Qxc4 19. Rd4 Qa6 20. a3 Nxd5 21. Nxd5 exd5 22. Qxc7 Qe6 23. b4 f6 24. Rad1 Rbd8 25. Qa5 fxe5 26. Rxd5 Qg4+ 27. Kf1 Qh3+ 28. Kg1 Rde8 29. Rd7 Qg4+ 30. Kf1 Qh3+ 31. Kg1 Qg4+ 32. Kf1 Kh8 33. Qd5 e4 34. Rc1 Qh3+ 35. Kg1 Qg4+ 36. Kf1 Qf3 37. Ke1 Bh4 38. Qd4 Bf6 39. Qd2 Qh1+ 40. Ke2 Qf3+ 41. Ke1 Qh1+ 42. Ke2 Qxh2 43. Rxa7 Bh4 44. Qd4 Qg2 45. Rcc7 Rxf2+ 46. Bxf2 e3 47. Qxg7+ Qxg7 48. Rxg7 exf2+ 49. Rge7 Bxe7 50. Kxf2 Kg8 51. Kf3 Kf7 52. b5 Ke6 53. a4 Rf8+ 54. Kg4 h5+ 55. Kh3 Rf3+ 56. Kg2 Rb3 57. Rc7 h4 58. Rc1 h3+ 59. Kh1 Bd6 60. b6 Rxb6 61. a5 Rb5 62. a6 Ra5 63. a7 Rxa7 64. Rb1 Kf5 65. Rd1 Bf4 66. Rb1 Ra2 67. Rd1 Rf2 68. Rb1 Kg4 69. Ra1 Kf3 70. Rb1 Be3 71. Rb3 Re2 0-1

[Event "DEN-ch"]
[Site "Svendborg"]
[Date "2022.04.17"]
[Round "9"]
[White "Ochsner, Bjorn Moller"]
[Black "Thybo, Jesper Sondergaard"]
[Result "1/2-1/2"]
[WhiteElo "2506"]
[BlackElo "2559"]
[PlyCount "131"]
[EventDate "2022.04.09"]
[EventType "tourn"]
[EventRounds "9"]
[EventCountry "DEN"]
[EventCategory "8"]
[SourceTitle "CBM 207 Extra"]
[Source "ChessBase"]
[SourceDate "2022.05.31"]
[SourceVersion "1"]
[SourceVersionDate "2022.05.31"]
[SourceQuality "1"]

1. e4 e5 2. Nf3 Nc6 3. Bb5 Nf6 4. 0-0 Nxe4 5. d4 Nd6 6. Bxc6 dxc6 7. dxe5 Nf5 8. Qxd8+ Kxd8 9. Rd1+ Ke8 10. Nc3 a5 11. h3 a4 12. Bf4 Bb4 13. Ne4 Be6 14. c3 Be7 15. Re1 h6 16. g4 Nh4 17. Nxh4 Bxh4 18. Bg3 Bxg3 19. Nxg3 g5 20. a3 Ke7 21. Rad1 Rhd8 22. f3 Rxd1 23. Rxd1 Ra5 24. Re1 Rb5 25. Re2 Bc4 26. Nf5+ Ke8 27. Rd2 Rxe5 28. Nxh6 Be6 29. Ng8 f5 30. Nf6+ Ke7 31. Nh5 f4 32. h4 Bf7 33. Ng7 Kf6 34. Nf5 Bg6 35. hxg5+ Kxg5 36. Nd4 c5 37. Ne2 Bd3 38. Kf2 Bxe2 39. Rxe2 Rd5 40. c4 Rd4 41. Re5+ Kg6 42. Rxc5 Rd2+ 43. Ke1 Rxb2 44. Rxc7 Rb3 45. Ke2 Re3+ 46. Kf2 Rxa3 47. Rxb7 Ra2+ 48. Ke1 Rc2 49. Ra7 Rxc4 50. Ra5 Rd4 51. Ke2 Kf6 52. Ke1 Ke6 53. Ke2 Kd6 54. g5 Ke6 55. g6 Kf6 56. Ra6+ Kg7 57. Kf1 Rd3 58. Kg2 a3 59. Kh3 Rxf3+ 60. Kg4 Rb3 61. Kxf4 Rb1 62. Rxa3 Rf1+ 63. Rf3 Rg1 64. Rg3 Rf1+ 65. Rf3 Rg1 66. Rg3 1/2-1/2

[Event "Kragero op"]
[Site "Kragero"]
[Date "2022.02.23"]
[Round "1"]
[White "Ochsner, Bjorn Moller"]
[Black "Briem, Benedikt"]
[Result "1-0"]
[WhiteElo "2496"]
[BlackElo "2079"]
[PlyCount "75"]
[EventDate "2022.02.23"]
[EventType "swiss"]
[EventRounds "9"]
[EventCountry "NOR"]
[SourceTitle "CBM 207 Extra"]
[Source "ChessBase"]
[SourceDate "2022.05.31"]
[SourceVersion "1"]
[SourceVersionDate "2022.05.31"]
[SourceQuality "1"]

1. e4 c5 2. Nf3 Nc6 3. Bb5 g6 4. Bxc6 dxc6 5. d3 Bg7 6. Nc3 e5 7. 0-0 Ne7 8. a3 a5 9. Be3 b6 10. Na4 Rb8 11. Qb1 Bd7 12. b4 axb4 13. axb4 cxb4 14. Qxb4 c5 15. Qb2 Bxa4 16. Rxa4 Qc7 17. Qb5+ Nc6 18. Ra6 0-0 19. Bxc5 Nd4 20. Bxd4 exd4 21. Ra2 Qc3 22. Rfa1 Rfc8 23. h4 h6 24. h5 Rc5 25. Qd7 Rxh5 26. Ra8 Kh7 27. Qxf7 Rf8 28. Qe6 Qxc2 29. Rxf8 Bxf8 30. Ne5 Rg5 31. Nd7 Bg7 32. Qe7 Qc8 33. Nf6+ Kh8 34. Ne8 Rxg2+ 35. Kxg2 Qg4+ 36. Kf1 Qh3+ 37. Ke1 Qh1+ 38. Kd2 1-0

[Event "Skanderborg Smuk"]
[Site "Skanderborg"]
[Date "2021.08.21"]
[Round "8"]
[White "Ochsner, Bjorn Moller"]
[Black "Antolak, Julia"]
[Result "1-0"]
[WhiteElo "2505"]
[BlackElo "2340"]
[PlyCount "131"]
[EventDate "2021.08.14"]
[EventType "tourn"]
[EventRounds "9"]
[EventCountry "DEN"]
[EventCategory "8"]
[SourceTitle "CBM 203 Extra"]
[Source "ChessBase"]
[SourceDate "2021.09.30"]
[SourceVersion "1"]
[SourceVersionDate "2021.09.30"]
[SourceQuality "1"]

1. Nf3 Nf6 2. c4 e6 3. Nc3 Bb4 4. e3 b6 5. Qc2 Bb7 6. a3 Be7 7. b4 a5 8. b5 d6 9. d4 Nbd7 10. Be2 0-0 11. 0-0 Re8 12. Rd1 Bf8 13. e4 e5 14. dxe5 dxe5 15. Bg5 Qc8 16. Ra2 h6 17. Bh4 Bd6 18. Nd2 g5 19. Bg3 Nf8 20. Nd5 Bxd5 21. cxd5 Ng6 22. Nc4 Qd8 23. Ne3 Bc5 24. Nf5 Kh7 25. h3 Rg8 26. Qc4 Qf8 27. a4 Rd8 28. Rad2 Ne8 29. Qc2 f6 30. Bg4 Kh8 31. Rd3 Nd6 32. Rc3 Ne7 33. Ne3 Qg7 34. Be6 Rgf8 35. Rc1 Nb7 36. Kh1 Nc8 37. f3 Ncd6 38. Bf2 Rfe8 39. Nf5 Nxf5 40. Bxf5 Qe7 41. Bxc5 Nxc5 42. Rxc5 bxc5 43. Qxc5 Qxc5 44. Rxc5 Re7 45. Rc6 Kg7 46. Ra6 Rd6 47. Rxa5 Kf8 48. Kg1 Rb6 49. Kf2 Re8 50. Bd7 Rd8 51. Bc6 Ke7 52. Ra7 Kd6 53. Ke3 Rc8 54. Kd3 Kc5 55. Kc3 Rbb8 56. a5 h5 57. Bd7 Rd8 58. Rxc7+ Kd6 59. b6 Rxd7 60. Rc6+ Ke7 61. a6 h4 62. Kb4 Kd8 63. Ka5 f5 64. a7 Ra8 65. Ka6 fxe4 66. fxe4 1-0

[Event "Skanderborg Smuk"]
[Site "Skanderborg"]
[Date "2021.08.18"]
[Round "5"]
[White "Ochsner, Bjorn Moller"]
[Black "Brunello, Sabino"]
[Result "1-0"]
[WhiteElo "2505"]
[BlackElo "2517"]
[PlyCount "75"]
[EventDate "2021.08.14"]
[EventType "tourn"]
[EventRounds "9"]
[EventCountry "DEN"]
[EventCategory "8"]
[SourceTitle "CBM 203 Extra"]
[Source "ChessBase"]
[SourceDate "2021.09.30"]
[SourceVersion "1"]
[SourceVersionDate "2021.09.30"]
[SourceQuality "1"]

1. e4 c5 2. Nf3 d6 3. Bb5+ Nd7 4. 0-0 a6 5. Bd3 Ngf6 6. c3 e5 7. Re1 Be7 8. Bf1 0-0 9. d4 Re8 10. d5 Nf8 11. a4 b6 12. b4 Qc7 13. Na3 Bd7 14. bxc5 Qxc5 15. Nc4 Qc7 16. Ba3 Bg4 17. a5 N8d7 18. h3 Bxf3 19. Qxf3 b5 20. Nd2 Qxa5 21. Bxd6 Qb6 22. Bxe7 Rxe7 23. Reb1 Ree8 24. Nc4 Qc7 25. Na5 Nc5 26. Rb4 Rad8 27. Nc6 Rd6 28. Re1 Rxc6 29. dxc6 Qxc6 30. c4 Ne6 31. cxb5 axb5 32. Bxb5 Qc5 33. Rbb1 Nd4 34. Qe3 Rc8 35. Rec1 Qf8 36. Rxc8 Qxc8 37. Ba6 Qa8 38. Qg5 1-0

[Event "Skanderborg Smuk"]
[Site "Skanderborg"]
[Date "2021.08.15"]
[Round "2"]
[White "Nagy, Gabor"]
[Black "Ochsner, Bjorn Moller"]
[Result "1-0"]
[WhiteElo "2518"]
[BlackElo "2505"]
[PlyCount "81"]
[EventDate "2021.08.14"]
[EventType "tourn"]
[EventRounds "9"]
[EventCountry "DEN"]
[EventCategory "8"]
[SourceTitle "CBM 203 Extra"]
[Source "ChessBase"]
[SourceDate "2021.09.30"]
[SourceVersion "1"]
[SourceVersionDate "2021.09.30"]
[SourceQuality "1"]

1. c4 e5 2. Nc3 Bb4 3. Nd5 a5 4. Nf3 d6 5. a3 Bc5 6. d4 exd4 7. Nxd4 c6 8. Nc3 Nf6 9. Bg5 h6 10. Bh4 g5 11. Bg3 Nh5 12. e3 Nxg3 13. hxg3 Qe7 14. Be2 Na6 15. Qc2 Bd7 16. 0-0-0 0-0-0 17. Nf5 Bxf5 18. Qxf5+ Kb8 19. Kb1 Nc7 20. g4 Ne8 21. Rh3 Ng7 22. Qc2 Qe6 23. Rdh1 f5 24. gxf5 Qxf5 25. Qxf5 Nxf5 26. Bg4 Rhf8 27. Ne4 Rde8 28. Bxf5 Rxf5 29. g4 Rff8 30. f3 Bxe3 31. Nxd6 Rd8 32. Nf5 Bf4 33. Rxh6 Rd3 34. Rh7 Rfd8 35. Rh8 Rxh8 36. Rxh8+ Ka7 37. c5 Rd5 38. b4 Rd3 39. Kc2 Rxa3 40. b5 Rxf3 41. b6+ 1-0

[Event "Copenhagen CC GM"]
[Site "Ballerup"]
[Date "2021.08.08"]
[Round "8"]
[White "Ochsner, Bjorn Moller"]
[Black "Jacobsen, Mikkel Manosri"]
[Result "1/2-1/2"]
[WhiteElo "2505"]
[BlackElo "2309"]
[PlyCount "68"]
[EventDate "2021.08.04"]
[EventType "tourn"]
[EventRounds "9"]
[EventCountry "DEN"]
[EventCategory "7"]
[SourceTitle "CBM 203 Extra"]
[Source "ChessBase"]
[SourceDate "2021.09.30"]
[SourceVersion "1"]
[SourceVersionDate "2021.09.30"]
[SourceQuality "1"]

1. e4 c6 2. d4 d5 3. e5 c5 4. dxc5 e6 5. a3 Bxc5 6. Nf3 Nc6 7. b4 Bb6 8. Bd3 Nge7 9. Bb2 Ng6 10. 0-0 0-0 11. Re1 f6 12. Bxg6 hxg6 13. Qd3 Nxe5 14. Bxe5 fxe5 15. Rxe5 Rxf3 16. gxf3 Qf6 17. Qc3 Bd7 18. Ra2 Rc8 19. Qe1 Bc7 20. Re3 Bxh2+ 21. Kxh2 Qh4+ 22. Kg1 Qg5+ 23. Kh2 Kf7 24. f4 Rh8+ 25. Rh3 Rxh3+ 26. Kxh3 e5+ 27. Kh2 Qxf4+ 28. Kg2 Qg4+ 29. Kh2 Qh5+ 30. Kg1 Qg4+ 31. Kh2 Qh3+ 32. Kg1 Qg4+ 33. Kh2 Qh4+ 34. Kg1 Qg4+ 1/2-1/2

[Event "Copenhagen CC GM"]
[Site "Ballerup"]
[Date "2021.08.06"]
[Round "5"]
[White "Brynell, Stellan"]
[Black "Ochsner, Bjorn Moller"]
[Result "1/2-1/2"]
[WhiteElo "2422"]
[BlackElo "2505"]
[PlyCount "130"]
[EventDate "2021.08.04"]
[EventType "tourn"]
[EventRounds "9"]
[EventCountry "DEN"]
[EventCategory "7"]
[SourceTitle "CBM 203 Extra"]
[Source "ChessBase"]
[SourceDate "2021.09.30"]
[SourceVersion "1"]
[SourceVersionDate "2021.09.30"]
[SourceQuality "1"]

1. e4 c5 2. c3 Nf6 3. e5 Nd5 4. d4 cxd4 5. Nf3 e6 6. cxd4 d6 7. Bc4 Be7 8. 0-0 0-0 9. Qe2 b6 10. Rd1 Bb7 11. Bxd5 exd5 12. Nc3 Nd7 13. e6 Nb8 14. Re1 Na6 15. Bf4 Nc7 16. exf7+ Rxf7 17. Bg3 Bc8 18. h3 h6 19. Rac1 Qd7 20. Nh2 b5 21. a3 a5 22. b4 Bf6 23. Nf3 Re7 24. Qb2 Rxe1+ 25. Rxe1 a4 26. Qd2 Bb7 27. Qf4 Rd8 28. Bh4 Rf8 29. Bxf6 Rxf6 30. Qe3 Re6 31. Qd3 Bc6 32. Re3 Rxe3 33. Qxe3 Na8 34. Nd2 Nb6 35. g4 Qf7 36. f4 h5 37. f5 hxg4 38. hxg4 Qf6 39. Nf3 Nc4 40. Qf4 Qe7 41. g5 Qe3+ 42. Qxe3 Nxe3 43. f6 gxf6 44. gxf6 Kf7 45. Kf2 Nc2 46. Nb1 Bd7 47. Kg3 Kxf6 48. Kf4 Be8 49. Nc3 Bc6 50. Nb1 Bd7 51. Nc3 Nxa3 52. Nxd5+ Kg7 53. Ne1 Nc4 54. Nc3 Kf6 55. Nc2 a3 56. Ne3 Nb2 57. Ned5+ Ke6 58. Nc7+ Ke7 59. Ke3 Bc6 60. d5 Nd1+ 61. Nxd1 a2 62. dxc6 a1Q 63. Nd5+ Ke6 64. N1c3 Qe1+ 65. Kd3 Qf1+ 1/2-1/2

[Event "Copenhagen CC GM"]
[Site "Ballerup"]
[Date "2021.08.05"]
[Round "2"]
[White "Nielsen, Viktor Haarmark"]
[Black "Ochsner, Bjorn Moller"]
[Result "0-1"]
[WhiteElo "2294"]
[BlackElo "2505"]
[PlyCount "164"]
[EventDate "2021.08.04"]
[EventType "tourn"]
[EventRounds "9"]
[EventCountry "DEN"]
[EventCategory "7"]
[SourceTitle "CBM 203 Extra"]
[Source "ChessBase"]
[SourceDate "2021.09.30"]
[SourceVersion "1"]
[SourceVersionDate "2021.09.30"]
[SourceQuality "1"]

1. e4 c5 2. Nf3 d6 3. d4 cxd4 4. Nxd4 Nf6 5. f3 e5 6. Nb3 a5 7. Nc3 a4 8. Nd2 a3 9. Bb5+ Nc6 10. Nc4 Be7 11. Nxa3 0-0 12. Nc4 Nd4 13. Ne3 Nxb5 14. Nxb5 Qa5+ 15. Nc3 Be6 16. 0-0 Rfc8 17. Qd3 Qb6 18. Kh1 Bf8 19. Rd1 Qd8 20. Qe2 Ra6 21. Ncd5 Nxd5 22. Nxd5 f5 23. exf5 Bxf5 24. c4 Qh4 25. b3 Rac6 26. a4 Re8 27. Qe1 Qd8 28. Qf2 Qd7 29. Be3 Qf7 30. Rd2 h6 31. a5 Be6 32. Qe2 Be7 33. Nc3 Ra8 34. Qd1 Rca6 35. Bb6 Rc8 36. Nb5 Bf8 37. Nxd6 Bxd6 38. Rxd6 Re8 39. Rd8 Ra8 40. Rxa8 Rxa8 41. Qd6 Re8 42. Re1 Qf5 43. Rxe5 Qb1+ 44. Bg1 Kf7 45. Re3 Qa2 46. Qb6 Re7 47. Qb4 Rd7 48. Qe1 Re7 49. h3 Re8 50. Kh2 Qc2 51. Bf2 Qa2 52. Bg3 Qc2 53. Bd6 Qf5 54. Kh1 Qg6 55. Bb4 Qc2 56. Qc3 Qg6 57. Qe5 Kg8 58. Qf4 Qb1+ 59. Kh2 Qg6 60. Bc3 Kh8 61. Qc7 Kh7 62. b4 Bxh3 63. Kxh3 Rxe3 64. Bd4 Re1 65. g4 h5 66. Qf4 Re2 67. Qf5 Qxf5 68. gxf5 Rc2 69. Bc5 Rxc4 70. Kg3 Kg8 71. Bd6 Rd4 72. Bc5 Rc4 73. Bd6 Rd4 74. Bc5 Rd5 75. Kf4 Kf7 76. Bf2 Rd2 77. Be1 Rd1 78. Bf2 Rf1 79. Bd4 Rc1 80. Bc5 Rc4+ 81. Kg5 h4 82. Bd6 Rd4 0-1

[Event "Copenhagen CC GM"]
[Site "Ballerup"]
[Date "2021.08.05"]
[Round "3"]
[White "Ochsner, Bjorn Moller"]
[Black "Vasli, Aref"]
[Result "1-0"]
[WhiteElo "2505"]
[BlackElo "2386"]
[PlyCount "69"]
[EventDate "2021.08.04"]
[EventType "tourn"]
[EventRounds "9"]
[EventCountry "DEN"]
[EventCategory "7"]
[SourceTitle "CBM 203 Extra"]
[Source "ChessBase"]
[SourceDate "2021.09.30"]
[SourceVersion "1"]
[SourceVersionDate "2021.09.30"]
[SourceQuality "1"]

1. e4 e5 2. Nf3 Nc6 3. Bb5 a6 4. Ba4 Nf6 5. 0-0 Be7 6. Re1 b5 7. Bb3 d6 8. c3 0-0 9. h3 Bb7 10. d4 Re8 11. Nbd2 Bf8 12. a3 h6 13. Bc2 Nb8 14. b4 Nbd7 15. Bb2 g6 16. c4 Rb8 17. dxe5 dxe5 18. c5 c6 19. Bb3 Nh5 20. g3 Bc8 21. Nf1 Qf6 22. Ne3 Nxc5 23. bxc5 Bxh3 24. Rc1 Bg7 25. Qe2 Qe7 26. Kh2 Bc8 27. Red1 Kh7 28. Rd6 Nf6 29. Qd3 Ng4+ 30. Nxg4 Bxg4 31. Nh4 Rbd8 32. f3 Bc8 33. Rd1 Bf6 34. Rxd8 Bxh4 35. Rxe8 1-0